000 00477nam a2200169Ia 4500
999 _c13197
_d13197
003 OSt
005 20201015093926.0
008 190216s9999||||xx |||||||||||||| ||und||
040 _coclc
082 _a823.912
_bCRO/C
100 _aCronin, A J
_95141
245 4 _aThe Citadel /
_cA J Cronin
260 _bB I Publication,
_c1984.
_aDelhi:
300 _a364p
650 _aEnglish Novel-English Novel
942 _cBK
_2ddc
_h823.912
_iCRO/C
_k823.912
_mCRO/C